[Event "Copenhagen Spring Amager B"]
[Site "Copenhagen"]
[Date "2023.04.25"]
[Round "4"]
[White "Friis, Jordy Ar"]
[Black "Christiansen, Claus Spangsberg"]
[Result "1/2-1/2"]
[WhiteElo "1751"]
[BlackElo "1706"]
[PlyCount "85"]
[EventDate "2023.04.25"]
[EventType "tourn"]
[EventRounds "5"]
[EventCountry "DEN"]
[SourceTitle "EXT 2025"]
[Source "ChessBase"]
[SourceDate "2024.10.14"]
[SourceVersion "1"]
[SourceVersionDate "2024.10.14"]
[SourceQuality "1"]

1. Nf3 d5 2. g3 c6 3. Bg2 Bg4 4. 0-0 Nd7 5. d3 Ngf6 6. Nbd2 e6 7. h3 Bxf3 8. Bxf3 Bd6 9. e4 Qc7 10. Qe2 0-0 11. d4 dxe4 12. Nxe4 Nxe4 13. Bxe4 Rae8 14. Qd3 f5 15. Bg2 f4 16. gxf4 Bxf4 17. Bxf4 Qxf4 18. Qe3 Qc7 19. Rae1 Rf6 20. Qg3 Qd8 21. Qb3 Qc8 22. Re4 Rg6 23. Rg4 Rxg4 24. hxg4 Nf6 25. g5 Nd5 26. Qg3 Rf8 27. f4 Qc7 28. Bxd5 exd5 29. Qe3 Qf7 30. Kg2 Re8 31. Qf3 b6 32. Rf2 Re4 33. c3 Qe7 34. Qg4 g6 35. Qc8+ Qe8 36. Qxe8+ Rxe8 37. Kg3 Re4 38. f5 gxf5 39. Rxf5 Re2 40. Rf2 Re4 41. Rf4 Re2 42. Rf2 Re4 43. Rf4 1/2-1/2